• 首页
  • 本馆介绍
  • 公告通知
  • 最新文献
  • 馆藏检索
  • 电子资源
  • 读者导购
  • 参考咨询
  • 我的图书馆
  • 登录
  • 详细信息显示
  • 放入我的书架
  • 预约/预借图书
  • 作者相关作品
  • 分类相关作品
  • 丛书相关作品
  • 出版社相关作品

书目信息

  • 表格格式
  • 工作单格式
  • 卡片格式
书名: Elementary statistics
作者: Neil A. Weiss ; biographies by Carol A. Weiss.
分册号:
分册名:
出版地: Reading, Mass. :
 
出版社: Addison-Wesley
出版时间: c1996.
页数: 1 v. (various pagings) :
开本: 25 cm.
丛书名:
中图分类号:
科图分类号:
其他分类号: C8
主题词:
电子资源:
000 01075pam a2200289 a 450
001 E0736111020
005 20070426100339.04
008 950223s1996 maua b 001 0 eng
010    @a95010165
020    @a0201594234.
035    @A(DLC) 95010165
040    @aDLC@cDLC@dDLC
050 00 @aQA276.12@b.W445 1996
082 00 @a519.5@2 20
090    @aC8
099    @dC8@ex63=3
100 1  @aWeiss, N. A.@q(Neil A.)
245 10 @aElementary statistics / @cNeil A. Weiss ; biographies by Carol A. Weiss.
250    @a3rd ed.
260    @aReading, Mass. :@bAddison-Wesley,@cc1996.
300    @a1 v. (various pagings) :@bill. (some col.) ;@c25 cm.
500    @aIncludes one folded formula/table card for Weiss’s Elementary Statistics.
504    @aIncludes bibliographical references and index.
650  0 @aStatistics.
906    @a7@bcbc@corignew@d1@eocip@f19@gy-gencatlg
955    @apb04 to ja00 02-23-95; jd20 02-23-95; jd99 02-23-95; jd8502-24-95; aa05 02-28-95; CIP ver. pv08 08-03-95
991    @bc-GenColl@hQA276.12@i.W445 1996@p00035135510@tCopy 1@wBOOKS
    
    Elementary statistics / / Neil A. Weiss ; biographies by Carol A. Weiss.-3rd ed.-Reading, Mass. : : Addison-Wesley, , c1996.
    1 v. (various pagings) : : ill. (some col.) ; ; 25 cm.
    Includes one folded formula/table card for Weiss’s Elementary Statistics.-Includes bibliographical references and index.
    
    ISBN 0201594234.
    
●
相关链接 在E读中查询图书 在五车中查询图书 在当当中查询图书 在豆瓣中查询图书


正题名:Elementary statistics     索取号:C8/x63=3         预约/预借

序号 登录号 条形码 馆藏地/架位号 状态 备注
1 5402   300054027   第二样本阅览室/ [索取号:C8/x63=3] 在馆    
2 5403   300054036   第四借阅区/ [索取号:C8/x63=3] 在馆    
3 5404   300054045   第四借阅区/ [索取号:C8/x63=3] 在馆    
唐山师范学院图书馆 欢迎您!
大连网信软件有限公司© 版权所有